Welcome to CU Library Online Public Access Catalogue (OPAC)

Medical statistics from scratch : (Record no. 8486)

MARC details
000 -LEADER
fixed length control field 00775cam a2200253 i 4500
001 - CONTROL NUMBER
control field 20912161
005 - DATE AND TIME OF LATEST TRANSACTION
control field 20251202151907.0
006 - FIXED-LENGTH DATA ELEMENTS--ADDITIONAL MATERIAL CHARACTERISTICS
fixed length control field m |o d |
007 - PHYSICAL DESCRIPTION FIXED FIELD--GENERAL INFORMATION
fixed length control field cr_|||||||||||
008 - FIXED-LENGTH DATA ELEMENTS--GENERAL INFORMATION
fixed length control field 190401s2020 nju ob 001 0 eng
020 ## - INTERNATIONAL STANDARD BOOK NUMBER
International Standard Book Number 9781119523925
Qualifying information (Adobe PDF)
020 ## - INTERNATIONAL STANDARD BOOK NUMBER
International Standard Book Number 9781119523949
Qualifying information (ePub)
020 ## - INTERNATIONAL STANDARD BOOK NUMBER
Canceled/invalid ISBN 9781119523888
Qualifying information (pbk.)
050 00 - LIBRARY OF CONGRESS CALL NUMBER
Classification number RA409
082 00 - DEWEY DECIMAL CLASSIFICATION NUMBER
Classification number 610.72/7
Edition information 23
100 1# - MAIN ENTRY--PERSONAL NAME
Personal name Bowers, David,
Dates associated with a name 1938-
Relator term author.
245 10 - TITLE STATEMENT
Title Medical statistics from scratch :
Remainder of title an introduction for health professionals /
Statement of responsibility, etc. David Bowers.
250 ## - EDITION STATEMENT
Edition statement Fourth edition.
260 ## - PUBLICATION, DISTRIBUTION, ETC.
Place of publication, distribution, etc. Hoboken, New Jersey
Name of publisher, distributor, etc. Wiley Blackwell
Date of publication, distribution, etc. 2020
300 ## - PHYSICAL DESCRIPTION
Extent 467p.
Other physical details ill. some color
Dimensions 24.5cm
650 12 - SUBJECT ADDED ENTRY--TOPICAL TERM
Topical term or geographic name entry element Biometry
650 22 - SUBJECT ADDED ENTRY--TOPICAL TERM
Topical term or geographic name entry element Statistics as Topic
942 ## - ADDED ENTRY ELEMENTS (KOHA)
Source of classification or shelving scheme Library of Congress Classification
Koha item type Books
Edition 4th ed.
Suppress in OPAC No
999 ## -
-- 8486
-- 8486
Holdings
Withdrawn status Lost status Source of classification or shelving scheme Damaged status Not for loan Collection Home library Current library Shelving location Date acquired Total checkouts Full call number Barcode Date last seen Copy number Price effective from Koha item type
    Library of Congress Classification     Non-fiction Science Library (Miotso) Science Library (Miotso) General stacks 12/02/2025   RA409 BOW SLM00006519 12/02/2025 1 12/02/2025 Books
© 2023-2024 Copyright: Central University Libraries. All Rights Reserved | Created by: Mahone Tech Office